zpět

Detail výsledku týmu

Stodola, Olomouc

Datum a čas kvízu

23 Celkem bodů Celkový počet nahraných bodů na tomto kvízu bez doplňovacích otázek.
14. Pořadí na kvízu Konečné umístění týmu na tomto kvízu.

Zaznamenané odpovědi

# Otázka Odpověď Body Výsledky
1. Předseda vlády Petr Fiala se p... o klimatu 0
2. Skupina filmařů minulý týden p... raketoplánu Challenger 0
3. V pondělí skončil na Primě jed... Dobré zprávy 0
4. V pondělí vzali zákazníci útok... o vejce 0
5. V pondělí náš ženský tenisový... Barbora Krejčíková, Kateřina Siniaková 1
6. V první otázce věnované slavný... Zrzečka 1
7. Který hlodavec je obsažen v čí... krysa ( 1
8. Zobrazená myš z dílny společno... Speedy Gonzales (Rychlík Gonzales) 0
9. Mentálně retardovaný muž Charl... Růže pro Algernon 0
10. Téma zakončíme v mytologii, a... veverka 0